000 00283nam a2200109Ia 4500
001 588803
005 20250717120838.0
008 250717s9999 xx 000 0 und d
245 0 _aV-14 ŞEFİK CUMA BAYRAMI
_cM.SALİH SIRMAÇEKİÇ
260 _bTİMAŞ YAYINLARI
_c2016
300 _b95
999 _c588803
_d588803